Principles of liberty. (Record no. 5734)

000 -LEADER
fixed length control field 00814nam a2200217 a 4500
001 - CONTROL NUMBER
control field :::00003476$&:&@@
003 - CONTROL NUMBER IDENTIFIER
control field OkBaRHE
005 - DATE AND TIME OF LATEST TRANSACTION
control field 20100401124806.0
008 - FIXED-LENGTH DATA ELEMENTS--GENERAL INFORMATION
fixed length control field s1983 j 000 0 eng u
040 ## - CATALOGING SOURCE
Transcribing agency
100 1# - MAIN ENTRY--PERSONAL NAME
Personal name Finney, Charles Grandison, 1792-1875.
245 10 - TITLE STATEMENT
Title Principles of liberty.
260 ## - PUBLICATION, DISTRIBUTION, ETC. (IMPRINT)
Place of publication, distribution, etc Minneapolis, MN., :
Name of publisher, distributor, etc Bethany House Publishers
Date of publication, distribution, etc 1983
300 ## - PHYSICAL DESCRIPTION
Extent 194 p. : illus. ;
Dimensions 21 cm.
650 ## - SUBJECT ADDED ENTRY--TOPICAL TERM
Topical term or geographic name as entry element Bible New Testament Romans
General subdivision Sermons
650 ## - SUBJECT ADDED ENTRY--TOPICAL TERM
Topical term or geographic name as entry element Sermons, American
700 ## - ADDED ENTRY--PERSONAL NAME
Personal name Parkhurst, Louis Gifford, 1946- , Comp. and ed.
942 ## - ADDED ENTRY ELEMENTS (KOHA)
Source of classification or shelving scheme
Koha item type Books
Copies
Koha item type Date last seen Full call number Withdrawn status Date acquired Shelving location Lost status Barcode Permanent Location Source of classification or shelving scheme Price effective from Copy number Damaged status Not for loan
Books2018-03-28BS 2665.4 .F55 1983 2010-04-14General Stacks 3476RHEMA Bible Training College 2010-04-141  
Books2018-03-28BS 2665.4 .F55 1983 2010-04-14General Stacks 16731RHEMA Bible Training College 2010-04-142